[Event "IIFL Wealth 4th Mumbai GM"]
[Site "Mumbai"]
[Date "2019.01.05"]
[Round "7"]
[White "Varshini, V."]
[Black "Nguyen, Van Huy"]
[Result "0-1"]
[WhiteElo "2171"]
[BlackElo "2438"]
[Annotator "TA"]
[PlyCount "120"]
[EventDate "2018.12.30"]
[EventType "swiss"]
[EventCountry "IND"]
[SourceTitle "playchess.com"]
[Source "ChessBase"]
[SourceQuality "1"]

{[%evp 21,120,16,7,0,0,0,0,-8,-6,-8,-13,-17,-10,-26,-9,-36,-36,-36,-36,-36,-33,-41,-30,-31,-33,-33,0,0,0,-3,66,19,26,26,26,26,26,0,28,0,0,0,0,0,12,39,283,275,268,268,275,272,241,219,228,208,141,0,0,0,0,0,0,0,0,0,0,0,0,0,0,0,0,0,0,0,67,0,0,0,0,0,0,0,0,0,0,0,0,0,0,-471,-467,-1137,-754,-759,-708,-29982,-29983,-29983,-29984]} 1. e4 c6 2. d4 d5 3. Nc3 dxe4 4. Nxe4 Bf5 5. Ng3 Bg6 6. Bc4 e6 7. N1e2 {[%cal Bg1e2,Be2f4,Bf4h5][%mdl 32]} Nd7 {[%cal Bb8d7,Bd7b6,Bb6d5][%mdl 32]} 8. h4 {B18: Classical Caro-Kann: 4...Bf5 sidelines} Nb6 9. Bb3 h6 10. Nf4 Bh7 11. c3 Nf6 {LiveBook: 5 Games} 12. Nfh5 Nbd5 13. Qe2 (13. Qf3 a5 14. a4 {½-½ (36) Sychev,K (2534)-Triapishko,A (2508) Sochi 2018}) 13... Bg6 $146 ({Predecessor:} 13... Qc7 14. Bd2 O-O-O 15. Nxf6 Nxf6 16. Nh5 {½-½ (16) Weinzettl,E (2402)-Kremsner,A Oberwart 2000}) 14. Bd2 a5 {[%cal Ba7a5,Ba5a4][%mdl 32]} 15. Bc4 a4 16. a3 Ra5 17. Bxd5 Nxh5 (17... Rxd5 $6 18. Nf4 $16) 18. Nxh5 (18. Bc4 {seems wilder.} Nf6 19. Bf4 Bd6 20. Be5 Bxe5 21. dxe5 Nd5 22. Rd1) 18... Bxh5 19. Qxh5 Rxd5 20. Qg4 h5 21. Qg3 Rb5 22. Rb1 g6 23. Bg5 f6 24. Bf4 Kf7 25. O-O Qd5 (25... Qd7 $11) 26. Rfe1 Be7 27. Re2 Re8 28. Rbe1 Bf8 29. Qe3 Qf5 30. Bg3 Rd5 31. c4 Rd7 32. Qc3 Red8 33. Re4 $36 {[%cal Be2e4,Be4f4,Bf4f6][%mdl 2080] aiming for Rf4. White is more active.} c5 $2 (33... Bh6 $14) 34. d5 (34. Rxe6 cxd4 35. Qd2 Qxe6 $15) 34... exd5 {[#]} 35. Rf4 $1 {[%cal Rf4f5]} d4 36. Qf3 Qc2 {And now ...f5 would win.} 37. Rxf6+ Kg8 {With the idea ...Bg7.} 38. Ree6 Rg7 {Threatening ...d3.} 39. Bd6 ({White must play} 39. Kh2 $16) 39... Bxd6 $11 40. Rxd6 Rxd6 41. Rxd6 {[%mdl 4096] [#] Endgame White threatens Rd8+ and mate. KQR-KQR} Rf7 {White must now prevent ...Qc1+.} ({Don't go for} 41... Qxb2 $2 42. Rd8+ Kh7 43. Qf8 $18) 42. Rf6 Rxf6 (42... Qxc4 43. Rxg6+ Kf8 44. Qd1 $11 (44. Qxh5 Qc1+ 45. Kh2 Qf4+ 46. Rg3 Rf5 $14)) 43. Qxf6 {KQ-KQ} Qc1+ 44. Kh2 Qxc4 45. Qxg6+ Kf8 46. Qd6+ Kf7 47. Qd7+ Kf6 48. Qd8+ Ke5 (48... Kf7 $11) 49. Qg5+ (49. Qe7+ $14 Qe6 50. Qxc5+ Qd5 51. Qe7+ Kf5 52. Kg1) 49... Kd6 50. Qd8+ Kc6 51. Qc8+ Kb6 52. Qd8+ Kb5 53. Qe8+ Ka5 54. Qd8+ b6 {Threatens to win with ...Qe2.} 55. Qa8+ $1 Qa6 56. Qxa6+ $4 {[%mdl 8192]} (56. Qe8 $11 {and White has nothing to worry.}) 56... Kxa6 $19 57. Kg1 (57. Kg3 $142 Kb5 58. Kf4) 57... Kb5 58. Kf1 Kc4 59. f4 Kb3 60. f5 d3 {Precision: White = 57%, Black = 67%.} 0-1

[Event "IIFL Wealth 4th Mumbai GM"]
[Site "Mumbai"]
[Date "2019.01.05"]
[Round "7"]
[White "Thrish Karthik"]
[Black "Wagh Suyog"]
[Result "1/2-1/2"]
[WhiteElo "2168"]
[BlackElo "2240"]
[Annotator "NA"]
[PlyCount "85"]
[EventDate "2018.12.30"]
[EventType "swiss"]
[EventCountry "IND"]
[SourceTitle "playchess.com"]
[Source "ChessBase"]
[SourceQuality "1"]
[TimeControl "40/5400+30:1800+30"]

1. e4 {[%emt 0:00:00]} e5 {[%emt 0:01:14]} 2. Nf3 {[%emt 0:00:01]} Nc6 {[%emt 0:00:26]} 3. Bb5 {[%emt 0:00:11]} a6 {[%emt 0:01:35]} 4. Ba4 {[%emt 0:00:11]} Nf6 {[%emt 0:00:06]} 5. d3 {[%emt 0:00:13]} d6 {[%emt 0:13:17]} 6. h3 {[%emt 0:02:12]} b5 {[%emt 0:02:00]} 7. Bb3 {[%emt 0:00:06]} Na5 {[%emt 0:00:02]} 8. Nc3 {[%emt 0:02:48]} Be7 {[%emt 0:04:35]} 9. O-O {[%emt 0:02:39]} O-O {[%emt 0:04:58]} 10. Bg5 {[%emt 0:05:02]} c6 {[%emt 0:02:29]} 11. Ne2 {[%emt 0:05:19]} Re8 {[%emt 0:01:52]} 12. Ng3 {[%emt 0:01:46]} h6 {[%emt 0:00:15]} 13. Bd2 {[%emt 0:06:01]} Nxb3 {[%emt 0:00:06]} 14. axb3 {[%emt 0:02:14]} Bf8 {[%emt 0:00:04]} 15. Re1 {[%emt 0:05:04]} g6 {[%emt 0:06:14]} 16. d4 {[%emt 0:10:54]} Bb7 {[%emt 0:09:11]} 17. Qc1 {[%emt 0:14:09]} Kh7 {[%emt 0:00:31]} 18. dxe5 {[%emt 0:02:39]} dxe5 {[%emt 0:00:07]} 19. Bc3 {[%emt 0:04:42]} Nd7 {[%emt 0:00:45]} 20. Rd1 {[%emt 0:02:34]} Qc7 {[%emt 0:08:02]} 21. Rxd7 {[%emt 0:08:10]} Qxd7 {[%emt 0:00:23]} 22. Nxe5 {[%emt 0:00:07]} Qd6 {[%emt 0:23:08]} 23. Ng4 {[%emt 0:02:12]} Re6 {[%emt 0:00:05]} 24. e5 {[%emt 0:09:37]} Qe7 25. Ne4 {[%emt 0:02:44]} Bg7 {[%emt 0:16:01]} 26. Nef6+ {[%emt 0:03:31]} Kh8 {[%emt 0:00:01]} 27. Nxh6 {[%emt 0:01:45]} Qf8 {[%emt 0:00:56]} 28. Nhg4 {[%emt 0:01:53]} Bxf6 {[%emt 0:00:46]} 29. Nxf6 {[%emt 0:03:59]} Kg7 {[%emt 0:00:04]} 30. Qg5 {[%emt 0:00:21]} c5 {[%emt 0:01:41]} 31. Nh5+ {[%emt 0:00:32]} Kg8 {[%emt 0:00:21]} 32. Nf4 {[%emt 0:01:00]} Be4 {[%emt 0:02:06]} 33. Nxe6 {[%emt 0:00:56]} fxe6 {[%emt 0:00:02]} 34. Rd1 {[%emt 0:00:44]} b4 {[%emt 0:00:20]} 35. Qh4 {[%emt 0:00:32]} Qf5 {[%emt 0:00:47]} 36. Rd7 {[%emt 0:00:30]} g5 {[%emt 0:00:06]} 37. Qh6 {[%emt 0:00:04]} Qg6 {[%emt 0:00:05]} 38. Qxg6+ {[%emt 0:00:26]} Bxg6 {[%emt 0:00:07]} 39. Bd2 {[%emt 0:00:00]} Bxc2 {[%emt 0:00:00]} 40. Rc7 {[%emt 0:00:00]} Bxb3 {[%emt 0:00:00]} 41. Rxc5 {[%emt 0:04:01]} a5 {[%emt 0:09:05]} 42. Rb5 {[%emt 0:04:25]} Bc4 {[%emt 0:05:57]} 43. Rb6 {[%emt 0:08:09]} 1/2-1/2

[Event "IIFL Wealth 4th Mumbai GM"]
[Site "Mumbai"]
[Date "2019.01.05"]
[Round "7"]
[White "Deshpande, Aniruddha"]
[Black "Arya Nirag Shah"]
[Result "1-0"]
[WhiteElo "2167"]
[BlackElo "1812"]
[Annotator "NA"]
[PlyCount "51"]
[EventDate "2018.12.30"]
[EventType "swiss"]
[EventCountry "IND"]
[SourceTitle "playchess.com"]
[Source "ChessBase"]
[SourceQuality "1"]
[TimeControl "40/5400+30:1800+30"]

1. d4 {[%emt 0:00:00]} Nf6 {[%emt 0:00:00]} 2. c4 {[%emt 0:00:01]} Nc6 {[%emt 0:00:00]} 3. Nf3 {[%emt 0:07:13]} e6 {[%emt 0:00:00]} 4. g3 {[%emt 0:00:26]} d5 {[%emt 0:00:10]} 5. Bg2 {[%emt 0:01:11]} dxc4 {[%emt 0:00:09]} 6. O-O {[%emt 0:00:13]} Rb8 {[%emt 0:00:16]} 7. e3 {[%emt 0:04:08]} b5 {[%emt 0:01:53]} 8. Qe2 {[%emt 0:00:07]} Bd7 {[%emt 0:00:58]} 9. e4 {[%emt 0:00:35]} Be7 {[%emt 0:01:06]} 10. Bf4 {[%emt 0:01:31]} O-O {[%emt 0:01:24]} 11. Rd1 {[%emt 0:02:28]} Nb4 {[%emt 0:07:00]} 12. Ne5 {[%emt 0:00:58]} Qc8 {[%emt 0:14:20]} 13. b3 {[%emt 0:05:05]} cxb3 {[%emt 0:03:14]} 14. axb3 {[%emt 0:00:03]} a6 {[%emt 0:05:27]} 15. Rc1 {[%emt 0:00:37]} Ne8 {[%emt 0:03:25]} 16. Nc3 {[%emt 0:04:11]} Bd6 {[%emt 0:05:52]} 17. Na2 {[%emt 0:04:30]} Nxa2 {[%emt 0:16:13]} 18. Qxa2 {[%emt 0:01:35]} f6 {[%emt 0:09:15]} 19. Nxd7 {[%emt 0:03:47]} Qxd7 {[%emt 0:00:04]} 20. e5 {[%emt 0:00:09]} fxe5 {[%emt 0:05:11]} 21. dxe5 {[%emt 0:00:44]} Bb4 {[%emt 0:03:17]} 22. Qxa6 {[%emt 0:02:11]} c5 {[%emt 0:05:10]} 23. Rd1 {[%emt 0:02:03]} Qc7 {[%emt 0:00:47]} 24. Qxe6+ {[%emt 0:00:24]} Kh8 {[%emt 0:00:55]} 25. Rd7 {[%emt 0:00:47]} Qc8 {[%emt 0:00:02]} 26. Qe7 1-0

[Event "IIFL Wealth 4th Mumbai GM"]
[Site "Mumbai"]
[Date "2019.01.05"]
[Round "7"]
[White "Nikhil Magizhnan"]
[Black "Konguvel, Ponnuswamy"]
[Result "0-1"]
[WhiteElo "2148"]
[BlackElo "2282"]
[Annotator "NA"]
[PlyCount "96"]
[EventDate "2018.12.30"]
[EventType "swiss"]
[EventCountry "IND"]
[SourceTitle "playchess.com"]
[Source "ChessBase"]
[SourceQuality "1"]
[TimeControl "40/5400+30:1800+30"]

1. e4 {[%emt 0:00:00]} c5 {[%emt 0:00:00]} 2. Nf3 {[%emt 0:00:00]} Nc6 {[%emt 0:00:00]} 3. c3 {[%emt 0:02:16]} d5 {[%emt 0:00:54]} 4. exd5 {[%emt 0:00:43]} Qxd5 {[%emt 0:00:05]} 5. d4 {[%emt 0:00:43]} Bf5 {[%emt 0:00:40]} 6. Be3 {[%emt 0:02:55]} Nf6 {[%emt 0:01:49]} 7. Na3 {[%emt 0:00:28]} cxd4 {[%emt 0:03:00]} 8. Nb5 {[%emt 0:00:53]} O-O-O {[%emt 0:14:27]} 9. Nfxd4 {[%emt 0:16:28]} Nxd4 {[%emt 0:02:18]} 10. cxd4 {[%emt 0:05:54]} e5 {[%emt 0:02:47]} 11. Qc1+ {[%emt 0:01:02]} Kd7 {[%emt 0:12:23]} 12. Qc7+ {[%emt 0:27:27]} Ke8 {[%emt 0:00:09]} 13. Bc4 {[%emt 0:18:04]} Bb4+ {[%emt 0:04:52]} 14. Nc3 {[%emt 0:06:27]} Ba5 {[%emt 0:14:42]} 15. Qxe5+ {[%emt 0:02:10]} Qxe5 {[%emt 0:00:05]} 16. dxe5 {[%emt 0:00:02]} Ne4 {[%emt 0:10:52]} 17. O-O {[%emt 0:06:06]} Nxc3 {[%emt 0:11:24]} 18. bxc3 {[%emt 0:00:03]} Rc8 {[%emt 0:05:27]} 19. Bb5+ {[%emt 0:00:54]} Ke7 {[%emt 0:00:46]} 20. Bg5+ {[%emt 0:06:12]} f6 {[%emt 0:02:03]} 21. exf6+ {[%emt 0:00:12]} gxf6 {[%emt 0:00:04]} 22. Be3 {[%emt 0:00:46]} Bxc3 {[%emt 0:01:10]} 23. Rad1 {[%emt 0:00:51]} a6 {[%emt 0:00:49]} 24. Bd3 {[%emt 0:00:29]} Bxd3 {[%emt 0:01:02]} 25. Rxd3 {[%emt 0:00:01]} Rhd8 {[%emt 0:00:10]} 26. Rfd1 {[%emt 0:00:10]} Rxd3 {[%emt 0:00:48]} 27. Rxd3 {[%emt 0:00:01]} b5 {[%emt 0:00:10]} 28. Kf1 {[%emt 0:00:36]} a5 {[%emt 0:04:03]} 29. Rd5 {[%emt 0:00:46]} Rb8 {[%emt 0:00:12]} 30. Ke2 {[%emt 0:00:13]} Ke6 {[%emt 0:01:30]} 31. Rh5 {[%emt 0:00:02]} Rb7 {[%emt 0:00:22]} 32. g4 {[%emt 0:01:42]} a4 {[%emt 0:00:38]} 33. Kd3 {[%emt 0:01:00]} b4 {[%emt 0:00:37]} 34. Ra5 {[%emt 0:00:32]} b3 {[%emt 0:02:12]} 35. Ra6+ {[%emt 0:00:04]} Kd5 {[%emt 0:00:48]} 36. axb3 {[%emt 0:00:06]} axb3 {[%emt 0:00:04]} 37. Rb6 {[%emt 0:00:26]} Rxb6 {[%emt 0:00:34]} 38. Bxb6 {[%emt 0:00:01]} Be5 {[%emt 0:02:19]} 39. f3 {[%emt 0:00:36]} Kc6 {[%emt 0:02:04]} 40. Be3 {[%emt 0:00:00]} Kb5 {[%emt 0:00:00]} 41. f4 {[%emt 0:04:48]} Ba1 {[%emt 0:01:00]} 42. Kd2 {[%emt 0:12:07]} Kc4 {[%emt 0:04:45]} 43. Kc1 {[%emt 0:01:23]} Kd3 {[%emt 0:00:07]} 44. Bc5 {[%emt 0:01:32]} Ke4 {[%emt 0:02:33]} 45. f5 {[%emt 0:01:05]} Kf4 {[%emt 0:01:37]} 46. h3 {[%emt 0:02:08]} Kg3 {[%emt 0:04:28]} 47. g5 {[%emt 0:03:58]} fxg5 {[%emt 0:00:11]} 48. Ba3 {[%emt 0:00:24]} Kf4 {[%emt 0:00:34]} 0-1

[Event "IIFL Wealth 4th Mumbai GM"]
[Site "Mumbai"]
[Date "2019.01.05"]
[Round "7"]
[White "Vantika Agrawal"]
[Black "Srihari L R"]
[Result "1/2-1/2"]
[WhiteElo "2143"]
[BlackElo "2316"]
[Annotator "NA"]
[PlyCount "78"]
[EventDate "2018.12.30"]
[EventType "swiss"]
[EventCountry "IND"]
[SourceTitle "playchess.com"]
[Source "ChessBase"]
[SourceQuality "1"]
[TimeControl "40/5400+30:1800+30"]

1. d4 {[%emt 0:00:00]} d5 {[%emt 0:00:00]} 2. c4 {[%emt 0:00:27]} e5 {[%emt 0:02:09]} 3. dxe5 {[%emt 0:06:19]} d4 {[%emt 0:00:38]} 4. Nf3 {[%emt 0:02:27]} Nc6 {[%emt 0:01:14]} 5. g3 {[%emt 0:21:00]} Nge7 {[%emt 0:04:06]} 6. Bg2 {[%emt 0:01:42]} Ng6 {[%emt 0:00:18]} 7. O-O {[%emt 0:02:25]} Bg4 {[%emt 0:17:12]} 8. Qb3 {[%emt 0:33:39]} Rb8 {[%emt 0:11:52]} 9. Rd1 {[%emt 0:05:30]} Be7 {[%emt 0:03:21]} 10. Be3 {[%emt 0:12:37]} Bxf3 {[%emt 0:05:04]} 11. exf3 {[%emt 0:00:37]} Ngxe5 {[%emt 0:01:47]} 12. f4 {[%emt 0:01:33]} Ng4 {[%emt 0:02:44]} 13. Bd2 {[%emt 0:04:49]} O-O {[%emt 0:02:02]} 14. Na3 {[%emt 0:00:56]} Bc5 {[%emt 0:01:27]} 15. Qf3 {[%emt 0:00:54]} Nf6 {[%emt 0:03:28]} 16. Be1 {[%emt 0:00:41]} Qd7 {[%emt 0:01:51]} 17. Nc2 {[%emt 0:00:25]} a5 {[%emt 0:00:04]} 18. a3 {[%emt 0:01:26]} a4 {[%emt 0:01:32]} 19. Nb4 {[%emt 0:00:25]} Na5 {[%emt 0:01:05]} 20. Nd3 {[%emt 0:00:46]} Nb3 {[%emt 0:00:05]} 21. Nxc5 {[%emt 0:00:40]} Nxc5 {[%emt 0:00:04]} 22. Bb4 {[%emt 0:00:18]} Qd6 {[%emt 0:01:56]} 23. Rd2 {[%emt 0:00:36]} Rfd8 {[%emt 0:00:12]} 24. Rad1 {[%emt 0:00:27]} Nfe4 {[%emt 0:01:20]} 25. Qxe4 {[%emt 0:00:48]} Nxe4 {[%emt 0:03:33]} 26. Bxd6 {[%emt 0:00:05]} Nxd2 {[%emt 0:04:18]} 27. Bxc7 {[%emt 0:00:06]} Nb3 {[%emt 0:03:46]} 28. Bxd8 {[%emt 0:00:35]} Rxd8 {[%emt 0:00:01]} 29. Bxb7 {[%emt 0:00:24]} Nc5 {[%emt 0:04:33]} 30. Bc6 {[%emt 0:01:14]} d3 {[%emt 0:01:03]} 31. Kg2 {[%emt 0:00:28]} Rd6 {[%emt 0:01:43]} 32. Bd5 {[%emt 0:00:29]} Rb6 {[%emt 0:00:41]} 33. Rd2 {[%emt 0:00:32]} Rb8 {[%emt 0:00:21]} 34. Bc6 {[%emt 0:01:01]} Rb6 {[%emt 0:01:44]} 35. Bd5 {[%emt 0:00:11]} Rb8 {[%emt 0:00:03]} 36. Bc6 {[%emt 0:00:09]} Rb6 {[%emt 0:00:04]} 37. Bd5 {[%emt 0:00:06]} Rb8 {[%emt 0:00:09]} 38. Bc6 {[%emt 0:00:04]} Rb6 {[%emt 0:00:03]} 39. Bd5 {[%emt 0:00:05]} Rb8 {[%emt 0:00:03]} 1/2-1/2

[Event "IIFL Wealth 4th Mumbai GM"]
[Site "Mumbai"]
[Date "2019.01.05"]
[Round "7"]
[White "Rakshitta Ravi"]
[Black "Mohota, Nisha"]
[Result "1/2-1/2"]
[WhiteElo "2141"]
[BlackElo "2264"]
[Annotator "NA"]
[PlyCount "150"]
[EventDate "2018.12.30"]
[EventType "swiss"]
[EventCountry "IND"]
[SourceTitle "playchess.com"]
[Source "ChessBase"]
[SourceQuality "1"]
[TimeControl "40/5400+30:1800+30"]

1. Nf3 d5 2. g3 c6 3. Bg2 Bf5 4. O-O Nf6 5. d3 h6 6. Qe1 e6 7. Nc3 Be7 8. Nd2 Bh7 9. e4 O-O 10. h3 a5 11. f4 Na6 12. g4 Nb4 13. Qd1 dxe4 14. dxe4 Nd7 15. a3 Na6 16. Qe2 Nac5 17. Kh1 f5 18. gxf5 exf5 19. e5 Kh8 20. Nb3 Nxb3 21. cxb3 Nc5 22. Be3 Bg8 23. b4 axb4 24. axb4 Rxa1 25. Rd1 Rb1 26. Rxb1 Ne6 27. Rd1 Qe8 28. b5 g5 29. fxg5 hxg5 30. bxc6 bxc6 31. Qf3 Qf7 32. Rd7 Rc8 33. Na4 f4 34. Bf2 c5 35. Qb7 Re8 36. Nxc5 f3 37. Bxf3 Nf8 38. e6 Nxe6 39. Qe4 Nxc5 40. Bd4+ Bf6 41. Qxe8 Nxd7 42. Qxf7 Bxf7 43. Bxf6+ Nxf6 44. b4 Kg7 45. Kh2 Be8 46. Kg3 Bd7 47. b5 Bxb5 48. h4 Kg6 49. hxg5 Kxg5 50. Kh2 Kf4 51. Bb7 Ng4+ 52. Kh1 Kg3 53. Kg1 Nf2 54. Ba8 Ba6 55. Bc6 Nh3+ 56. Kh1 Kf2 57. Ba8 Nf4 58. Bc6 Ng6 59. Ba8 Ne5 60. Kh2 Bc8 61. Kh1 Ng4 62. Bc6 Ba6 63. Ba8 Bb5 64. Bb7 Bf1 65. Ba8 Ne5 66. Kh2 Ng4+ 67. Kh1 Kg3 68. Kg1 Ba6 69. Kh1 Be2 70. Kg1 Nf2 71. Bb7 Bb5 72. Ba8 Ba6 73. Bc6 Bc8 74. Ba8 Ba6 75. Bc6 Nh3+ 1/2-1/2

[Event "IIFL Wealth 4th Mumbai GM"]
[Site "Mumbai"]
[Date "2019.01.05"]
[Round "7"]
[White "Saksham Rautela"]
[Black "Prraneeth Vuppala"]
[Result "1/2-1/2"]
[WhiteElo "2123"]
[BlackElo "2228"]
[Annotator "NA"]
[PlyCount "70"]
[EventDate "2018.12.30"]
[EventType "swiss"]
[EventCountry "IND"]
[SourceTitle "playchess.com"]
[Source "ChessBase"]
[SourceQuality "1"]
[TimeControl "40/5400+30:1800+30"]

1. e4 c5 2. Nf3 d6 3. d4 cxd4 4. Qxd4 Nc6 5. Qe3 g6 6. Be2 Bg7 7. O-O Nf6 8. h3 O-O 9. Nc3 a6 10. Rd1 Qc7 11. Na4 Nb4 12. Ne1 b5 13. Nb6 Rb8 14. Nxc8 Rfxc8 15. c3 Nc6 16. a4 Na5 17. axb5 axb5 18. Nc2 Nc4 19. Bxc4 Qxc4 20. Ra7 e5 21. Rxd6 Bf8 22. Rda6 Bc5 23. Qf3 Bxa7 24. Qxf6 Bc5 25. Bh6 Bf8 26. Ne3 Qxe4 27. Ng4 Ra8 28. Bxf8 Kxf8 29. Qd6+ Kg7 30. Qf6+ Kf8 31. Qd6+ Kg7 32. Qf6+ Kf8 33. Nxe5 Qd5 34. Rd6 Qe4 35. Ra6 Qb7 1/2-1/2

[Event "IIFL Wealth 4th Mumbai GM"]
[Site "Mumbai"]
[Date "2019.01.05"]
[Round "7"]
[White "Tarun Kanyamarala"]
[Black "Kurbonboeva, Sarvinoz"]
[Result "0-1"]
[WhiteElo "2120"]
[BlackElo "2214"]
[Annotator "NA"]
[PlyCount "120"]
[EventDate "2018.12.30"]
[EventType "swiss"]
[EventCountry "IND"]
[SourceTitle "playchess.com"]
[Source "ChessBase"]
[SourceQuality "1"]
[TimeControl "40/5400+30:1800+30"]

1. d4 {[%emt 0:00:00]} Nf6 {[%emt 0:00:00]} 2. c4 {[%emt 0:00:00]} g6 {[%emt 0:00:00]} 3. f3 {[%emt 0:00:27]} Bg7 {[%emt 0:00:03]} 4. e4 {[%emt 0:00:23]} d6 {[%emt 0:00:05]} 5. Nc3 {[%emt 0:00:07]} O-O {[%emt 0:00:23]} 6. Be3 {[%emt 0:00:33]} Nc6 {[%emt 0:00:16]} 7. Nge2 {[%emt 0:01:45]} a6 {[%emt 0:00:15]} 8. Qd2 {[%emt 0:00:14]} Rb8 {[%emt 0:00:16]} 9. Nc1 {[%emt 0:01:41]} e5 {[%emt 0:04:00]} 10. d5 {[%emt 0:00:07]} Ne7 {[%emt 0:01:56]} 11. Bd3 {[%emt 0:18:50]} c6 {[%emt 0:01:14]} 12. N1e2 {[%emt 0:08:23]} cxd5 {[%emt 0:05:38]} 13. cxd5 {[%emt 0:02:28]} b5 {[%emt 0:00:30]} 14. Bh6 {[%emt 0:06:13]} Nd7 {[%emt 0:06:45]} 15. g4 {[%emt 0:15:01]} b4 {[%emt 0:19:45]} 16. Na4 {[%emt 0:10:13]} Nb6 {[%emt 0:12:08]} 17. Nxb6 {[%emt 0:04:09]} Qxb6 {[%emt 0:01:03]} 18. h4 {[%emt 0:05:07]} Bxh6 {[%emt 0:04:42]} 19. Qxh6 {[%emt 0:02:14]} f6 {[%emt 0:00:06]} 20. Kd2 {[%emt 0:02:46]} Bd7 {[%emt 0:04:34]} 21. Qe3 {[%emt 0:04:35]} Qb7 {[%emt 0:03:36]} 22. Rag1 {[%emt 0:04:22]} Rbc8 {[%emt 0:07:54]} 23. f4 {[%emt 0:03:48]} Bb5 {[%emt 0:00:11]} 24. Rc1 {[%emt 0:03:55]} Rxc1 {[%emt 0:13:44]} 25. Rxc1 {[%emt 0:00:08]} Bxd3 {[%emt 0:00:40]} 26. Qxd3 {[%emt 0:00:26]} Rc8 {[%emt 0:00:04]} 27. Rc4 {[%emt 0:01:29]} Kf7 {[%emt 0:00:34]} 28. g5 {[%emt 0:02:08]} Qb6 {[%emt 0:04:20]} 29. gxf6 {[%emt 0:00:56]} Rxc4 {[%emt 0:00:38]} 30. Qxc4 {[%emt 0:01:18]} Kxf6 {[%emt 0:00:01]} 31. Qd3 {[%emt 0:00:53]} exf4 {[%emt 0:01:30]} 32. Qh3 {[%emt 0:00:19]} Kg7 {[%emt 0:02:55]} 33. Nxf4 {[%emt 0:00:36]} Qd4+ {[%emt 0:00:13]} 34. Qd3 {[%emt 0:00:44]} Qxb2+ {[%emt 0:04:38]} 35. Kd1 {[%emt 0:00:12]} Qa1+ {[%emt 0:00:20]} 36. Ke2 {[%emt 0:00:08]} Qxa2+ {[%emt 0:00:09]} 37. Ke3 {[%emt 0:00:44]} Qa3 {[%emt 0:00:50]} 38. Kd4 {[%emt 0:00:16]} Qxd3+ {[%emt 0:00:49]} 39. Nxd3 {[%emt 0:00:04]} a5 {[%emt 0:01:49]} 40. Kc4 {[%emt 0:00:00]} Ng8 {[%emt 0:00:00]} 41. e5 {[%emt 0:03:24]} dxe5 {[%emt 0:05:37]} 42. Nxe5 {[%emt 0:08:50]} Nf6 {[%emt 0:00:35]} 43. d6 {[%emt 0:01:54]} Kf8 {[%emt 0:00:25]} 44. Nc6 {[%emt 0:01:37]} Ke8 {[%emt 0:00:20]} 45. Nxa5 {[%emt 0:00:59]} Kd7 {[%emt 0:00:28]} 46. Kc5 {[%emt 0:03:41]} Ne4+ {[%emt 0:00:46]} 47. Kxb4 {[%emt 0:00:05]} Kxd6 {[%emt 0:00:52]} 48. Nb7+ {[%emt 0:01:21]} Ke5 {[%emt 0:01:55]} 49. Nd8 {[%emt 0:00:21]} Kf5 {[%emt 0:01:47]} 50. Kc4 {[%emt 0:00:26]} Nd2+ {[%emt 0:06:49]} 51. Kd5 {[%emt 0:00:40]} Kg4 {[%emt 0:03:14]} 52. Ne6 {[%emt 0:00:59]} Kxh4 {[%emt 0:00:27]} 53. Ke5 {[%emt 0:03:48]} g5 {[%emt 0:00:52]} 54. Kf5 {[%emt 0:00:19]} g4 {[%emt 0:01:57]} 55. Kf4 {[%emt 0:00:19]} g3 {[%emt 0:04:39]} 56. Ke3 {[%emt 0:00:28]} Kg4 {[%emt 0:00:23]} 57. Nd4 {[%emt 0:01:04]} Nc4+ {[%emt 0:01:17]} 58. Ke2 {[%emt 0:00:07]} Ne5 {[%emt 0:00:15]} 59. Kf1 {[%emt 0:00:18]} Nf3 {[%emt 0:00:35]} 60. Ne2 {[%emt 0:00:39]} Kh3 {[%emt 0:01:51]} 0-1

[Event "IIFL Wealth 4th Mumbai GM"]
[Site "Mumbai"]
[Date "2019.01.05"]
[Round "7"]
[White "Prajesh R"]
[Black "Safranska, Anda"]
[Result "1/2-1/2"]
[WhiteElo "2102"]
[BlackElo "2189"]
[Annotator "NA"]
[PlyCount "109"]
[EventDate "2018.12.30"]
[EventType "swiss"]
[EventCountry "IND"]
[SourceTitle "playchess.com"]
[Source "ChessBase"]
[SourceQuality "1"]
[TimeControl "40/5400+30:1800+30"]

1. d4 {[%emt 0:00:00]} d6 {[%emt 0:00:00]} 2. e4 {[%emt 0:00:00]} Nf6 {[%emt 0:00:00]} 3. Nc3 {[%emt 0:00:04]} g6 {[%emt 0:00:00]} 4. Bg5 {[%emt 0:01:13]} Bg7 {[%emt 0:00:13]} 5. Qd2 {[%emt 0:01:03]} h6 {[%emt 0:00:24]} 6. Bf4 {[%emt 0:03:33]} a6 {[%emt 0:03:42]} 7. a4 {[%emt 0:03:12]} Nc6 {[%emt 0:01:41]} 8. d5 {[%emt 0:00:47]} Nb8 {[%emt 0:00:30]} 9. Nf3 {[%emt 0:05:34]} Nbd7 {[%emt 0:05:10]} 10. Nd4 {[%emt 0:03:19]} Nc5 {[%emt 0:00:49]} 11. f3 {[%emt 0:00:59]} e5 {[%emt 0:00:32]} 12. dxe6 {[%emt 0:00:05]} Nxe6 {[%emt 0:00:07]} 13. Nxe6 {[%emt 0:00:19]} Bxe6 {[%emt 0:00:06]} 14. Be2 {[%emt 0:27:21]} Nd7 {[%emt 0:12:31]} 15. a5 {[%emt 0:03:01]} Ne5 {[%emt 0:04:43]} 16. Nd5 {[%emt 0:00:41]} Bxd5 {[%emt 0:09:34]} 17. Qxd5 {[%emt 0:00:42]} Rb8 {[%emt 0:01:14]} 18. O-O {[%emt 0:10:41]} O-O {[%emt 0:00:15]} 19. Rfd1 {[%emt 0:00:33]} g5 {[%emt 0:08:53]} 20. Be3 {[%emt 0:01:39]} Ng6 {[%emt 0:00:30]} 21. Qb3 {[%emt 0:10:46]} Be5 {[%emt 0:22:04]} 22. g3 {[%emt 0:07:53]} Qc8 {[%emt 0:06:23]} 23. Ra4 {[%emt 0:01:49]} c5 {[%emt 0:00:41]} 24. Kg2 {[%emt 0:04:07]} Qc6 {[%emt 0:02:02]} 25. Qa3 Bxb2 {[%emt 0:00:26]} 26. Qa2 {[%emt 0:07:59]} Be5 {[%emt 0:00:21]} 27. Bc4 {[%emt 0:04:18]} Kg7 {[%emt 0:02:26]} 28. Bd5 {[%emt 0:00:31]} Qd7 {[%emt 0:01:33]} 29. Ra3 {[%emt 0:00:46]} Qe7 {[%emt 0:01:53]} 30. Rb1 {[%emt 0:01:13]} Rfc8 {[%emt 0:05:17]} 31. Rab3 {[%emt 0:00:24]} Rc7 {[%emt 0:00:08]} 32. Rb6 {[%emt 0:00:11]} Qf6 {[%emt 0:06:14]} 33. Rxb7 {[%emt 0:00:45]} Rbxb7 {[%emt 0:01:19]} 34. Rxb7 {[%emt 0:00:02]} Rxb7 {[%emt 0:00:07]} 35. Bxb7 {[%emt 0:00:02]} Bd4 {[%emt 0:01:12]} 36. Bd2 {[%emt 0:01:55]} Ne5 {[%emt 0:02:51]} 37. Qa3 {[%emt 0:00:05]} c4 {[%emt 0:00:11]} 38. f4 {[%emt 0:00:27]} gxf4 {[%emt 0:00:52]} 39. Bxf4 {[%emt 0:00:01]} Qg6 {[%emt 0:01:39]} 40. c3 {[%emt 0:00:00]} Qg4 {[%emt 0:00:00]} 41. Bxe5+ {[%emt 0:07:54]} Bxe5 {[%emt 0:02:36]} 42. Qa2 {[%emt 0:05:50]} h5 {[%emt 0:10:04]} 43. Qxc4 {[%emt 0:00:30]} h4 {[%emt 0:00:09]} 44. Qd3 {[%emt 0:10:17]} hxg3 {[%emt 0:03:31]} 45. hxg3 {[%emt 0:00:44]} Qd7 {[%emt 0:00:11]} 46. Qxa6 {[%emt 0:04:37]} Bxc3 {[%emt 0:00:26]} 47. Qb6 {[%emt 0:02:58]} Bxa5 {[%emt 0:01:44]} 48. Qd4+ {[%emt 0:00:59]} Kg8 {[%emt 0:01:07]} 49. Bd5 {[%emt 0:00:18]} Qc7 {[%emt 0:01:25]} 50. Qf6 {[%emt 0:00:15]} Qc2+ {[%emt 0:02:42]} 51. Kh3 Qc8+ {[%emt 0:00:06]} 52. g4 {[%emt 0:00:57]} Qc3+ {[%emt 0:00:11]} 53. Qxc3 {[%emt 0:00:06]} Bxc3 {[%emt 0:00:04]} 54. g5 {[%emt 0:00:03]} Kg7 {[%emt 0:00:08]} 55. Kg4 {[%emt 0:00:03]} 1/2-1/2